| 000 | 03601cam a2200337 a 4500 | ||
|---|---|---|---|
| 003 | EG-GiCUC | ||
| 005 | 20250223032605.0 | ||
| 008 | 200928s2020 ua f m 000 0 ara d | ||
| 040 |
_aEG-GiCUC _bara _cEG-GiCUC |
||
| 041 | 0 | _aara | |
| 049 | _aايداع | ||
| 097 | _aماجستير | ||
| 099 | _aCai01.18.04.M.Sc.2020.رش.أ | ||
| 100 | 0 | _aرشا محمد نبيل السيد | |
| 245 | 1 | 0 |
_aاثر جودة البيانات فى التنبؤ بكفاءة القطاع الخاص المصرى / _cرشا محمد نبيل السيد ؛ إشراف امانى موسى محمد : ياسمين محمد إبراهيم |
| 246 | 1 | 5 | _aEffect of data quality on estimation of efficiency of the Egyptian private sector |
| 260 |
_aالقاهرة : _bرشا محمد نبيل السيد : _c2020 |
||
| 300 |
_a75ص ؛ _c30سم |
||
| 502 | _aاطروحة (ماجستير) - جامعة القاهرة - كلية الدراسات العليا للبحوث الإحصائية - قسم الإحصاء التطبيقي | ||
| 520 | _aتهدف هذه الدراسة إلى قياس جودة البيانات في التعداد الاقتصادي بمنشآت القطاع الخاص المصرى: ودراسة أثر جودة البيانات على النماذج الإحصائية. وسوف يتم الاعتماد في دراسة تلك المشكلة على بيانات التعداد الاقتصادي لمنشآت القطاع الخاص التي يصدرها الجهاز المركزي للتعبئة العامة والإحصاء بصفـة مستمرة: حيث يتم استخدام مقاييس الجودة التي قدَّمتها لقياس جودة مؤشرات التعداد الاقتصادى : للوصول إلى حلول تهدف إلى تحسين جودة البيانات الإحصائية في مصر والتعرف على مدى تطبيق الجهاز المركزي للتعبئة العامة والإحصاء لمعايير الجودة.ولتحقيق أهداف الدراسة تم أخذ بعض المؤشرات الخاصة بالتعداد الاقتصادي لبعض القطاعات مثل (قطاع الصناعات التحويليه {u٢٠١٣} التشيد والبناء {u٢٠١٣} تجارة الجمله والتجزئية ) انطلاقًا من أهميتها: وتم تطبيق مقاييس الجودة وتوصلت الدراسة إلى أن الجهاز يقوم بتطبيق معايير الجودة ومبادئها بشكلها العام؛ من حيث الاستقلال المهني: والتفويض لجمع البيانات: وسرية البيانات الفردية: وكذلك يطبق المعايير الخاصة بالمخرجات الإحصائية؛ من حيث الصلة بالواقع والسرعة ودقة الوقت في النشر: ولكن بالنسبة لتطبيق مقاييس الجودة المقترحة يتضح أن هناك اختلافات وتباينًا ملحوظًا بين القطاعات:الأمر الذي يدل على عدم تطبيق معايير الجودة بالشكل المطلوب وفقا لمقياس الجودة المقترح | ||
| 530 | _aصدر ايضا كقرص مدمج | ||
| 653 | 4 | _aجوده البيانات | |
| 653 | 4 | _aمعايير ومبادئ الجودة | |
| 653 | 4 | _aمقاييس الجوده | |
| 700 | 0 |
_aامانى موسى محمد : _eمشرف |
|
| 700 | 0 |
_aياسمين محمد إبراهيم : _eمشرف |
|
| 856 | _uhttp://172.23.153.220/th.pdf | ||
| 905 |
_aNazla _eRevisor |
||
| 905 |
_aShimaa _eCataloger |
||
| 942 |
_2ddc _cTH |
||
| 999 |
_c77947 _d77947 |
||